|
|
|
|
| LEADER |
00000nam a2200000 4500 |
| 001 |
vtls012288049 |
| 003 |
SK-MaSNL |
| 005 |
20260301232425.0 |
| 008 |
251126t1743 ne a r 00| 0 fre |
| 015 |
|
|
|a SNBHFA1743
|
| 040 |
|
|
|a SNKHF
|b slo
|c SNK
|e rda
|
| 041 |
|
|
|a fre
|
| 044 |
|
|
|a ne
|c NL
|
| 072 |
|
7 |
|a 82
|x Literatúra. Literárny život
|2 konspekt
|
| 080 |
|
|
|a 82:93/94
|2 2011
|
| 100 |
1 |
|
|a Diodorus Siculus,
|d asi 80 pred Kr.-asi 20 pred Kr.
|4 aut
|9 127348
|
| 245 |
1 |
0 |
|a Histoire Universelle De Diodore De Sicile.
|b Traduite Et Francois Par M. L'Abbé Terrasson, de l'Académie Francoise.
|n Tome Quatrieme
|
| 264 |
|
3 |
|a A Amsterdam
|b Chez François Changuion
|c MDCCXLIII. (1743)
|
| 300 |
|
|
|a xxxvi, 522 strán, 24 nečíslovaných strán
|c 17 cm
|
| 336 |
|
|
|a text
|b txt
|2 rdacontent
|
| 337 |
|
|
|a bez média
|b n
|2 rdamedia
|
| 338 |
|
|
|a zväzok
|b nc
|2 rdacarier
|
| 500 |
|
|
|a kustódy, signet na titulnom liste, koncová vineta, iniciály s figurálnym pozadím na 4 riadky
|
| 504 |
|
|
|a Tlačené vysvetlivky a komentáre pod textom, register, tlačené marginálie
|
| 563 |
|
|
|a Väzba pôvodná, kožená.
|5 SNK ID 102268/4
|
| 650 |
0 |
7 |
|a literatúra a dejiny
|2 SNKPH
|9 94209
|
| 700 |
1 |
|
|a Terrasson, Jean
|4 trl
|9 448556
|
| 700 |
1 |
|
|a Changuion, François,
|d 1718-1766
|4 prt
|9 448557
|
| 710 |
0 |
|
|a Changuion, François (Amsterdam, Holandsko)
|4 prt
|9 448558
|
| 752 |
|
|
|a Holandsko
|d Amsterdam
|
| 852 |
|
|
|a snk
|b Aponiovská knižnica
|p ID 102268/4
|
| 958 |
|
|
|a ONDV
|
| 958 |
|
|
|a DD
|
| 999 |
|
|
|c 961339
|d 963269
|
| 952 |
|
|
|t Op. XXXI/126
|a SNK
|b SNK
|c SNK_HF
|y PREZ
|7 0
|p 17A1488507
|o snkID 102268/4
|i snk2025/19185
|8 5
|0 0
|1 0
|4 0
|d 2025-11-26
|l 0
|r 2026-02-24 10:19:14
|w 2026-02-24
|